[Event "1st Gujarat GM Open 2018"]
[Site "Ahmedabad"]
[Date "2018.10.10"]
[Round "8"]
[White "Navalgund, Niranjan"]
[Black "Gandhi, Anish"]
[Result "1/2-1/2"]
[WhiteElo "2245"]
[BlackElo "2042"]
[Annotator "TA"]
[PlyCount "139"]
[EventDate "2018.10.05"]
[EventType "swiss"]
[EventCountry "IND"]
[SourceTitle "playchess.com"]
[Source "ChessBase"]
[SourceQuality "1"]

{[%evp 20,139,35,2,27,0,0,0,0,9,6,18,15,0,0,0,39,40,37,31,55,38,39,14,21,17,17,-24,48,27,48,40,42,0,1,0,6,8,6,5,2,14,72,55,146,0,79,91,139,101,184,0,0,0,0,-101,-58,-614,-610,-972,0,0,0,0,0,0,0,0,0,0,0,0,0,-26,-26,-26,-26,-31,-30,-53,0,0,0,-29,-43,-141,-8,-8,-8,-8,-8,-45,0,0,0,0,0,0,0,0,0,0,0,0,0,0,0,0,0,0,0,0,0,0,0,0,0,0,0,0,0,0]} 1. e4 c5 2. Nf3 d6 3. d4 cxd4 4. Nxd4 Nf6 5. Nc3 a6 6. a4 e5 7. Nf3 Be7 8. Bc4 Be6 9. Qe2 {B90: Sizilianisch (Najdorf-Variante, Abweichungen)} (9. Bb3 h6 10. O-O O-O 11. Nh4 Nc6 12. Nf5 Bxf5 13. exf5 Nd4 14. Nd5 Nxb3 15. cxb3 Rc8 16. Be3 Rc6 {1-0 (49) Carlsen,M (2857)-Grischuk,A (2754) chess.com INT 2016}) 9... O-O 10. O-O Nc6 11. Rd1 {LiveBook: 3 Partien. Weiß steht etwas besser.} Rc8 12. Ba2 Qc7 13. Bg5 Nb4 14. Bb3 h6 15. Bxf6 Bxf6 16. Rac1 $146 ({Vorgänger:} 16. Ne1 Be7 {½-½ (34) Fritz,J (2446)-Schuh,G (2534) ICCF email 2008}) 16... Qc5 17. Nd5 Bd8 18. c3 Nxd5 19. Bxd5 b5 20. b4 Qb6 21. a5 Qc7 22. Rc2 Be7 23. Qd3 Kh8 (23... Bxd5 $11 24. Qxd5 Qc6) 24. c4 Bxd5 25. Qxd5 bxc4 26. Rc3 f5 27. Rdc1 {[%cal Rc3c4]} fxe4 {zielt auf ...Dc6 ab.} 28. Rxc4 Qb8 {Und ...Txc4 würde nun gewinnen.} 29. Qxe4 Rxc4 30. Qxc4 Qa8 (30... Bf6 $11 {hält das Gleichgewicht.}) 31. Qc7 $16 e4 (31... Qd8 $14) 32. Nd4 (32. Qxe7 $6 exf3 33. Rc7 (33. Qxd6 Rd8 $14) 33... Rg8 $14) (32. Ne5 $1 $16 {[%cal Re5g6] Droht stark Sg6+.} dxe5 33. Qxe7) 32... Bf6 (32... Bh4 $1 $11 {bleibt in der Remisbreite.} 33. g3 e3 34. fxe3 Qe4) 33. Ne6 Re8 34. Qd7 $1 (34. Qxd6 $6 e3 $11) 34... Kh7 (34... d5 $16) 35. h4 $2 ({Jedoch nicht} 35. Qxd6 e3 $16) (35. Nc7 $1 $18 {[%cal Rc7a8]} Rc8 36. Rd1 (36. Qxd6 Qb7 $14)) 35... e3 $1 $11 36. f3 e2 $36 {[%mdl 2048] Schwarz drückt.} 37. Kf2 (37. Re1 $11) 37... Qb8 $1 $17 ({Schlechter ist} 37... Bxh4+ 38. Kxe2 Re7 39. Qxd6 $16) 38. Rc4 $2 {[%mdl 8192]} (38. Qf7 $15) 38... Re7 $19 39. Rc8 {[#]} Rxd7 $2 (39... e1=Q+ $1 $19 {[%mdl 512]} 40. Kxe1 Qxb4+ 41. Kf2 Qxh4+ 42. Ke2 Qd4 43. Qxe7 Qb2+ 44. Kf1 Bxe7 45. Nf8+ Bxf8 46. Rxf8 Qb5+ 47. Kf2 d5) 40. Nf8+ $11 Kg8 41. Rxb8 Bxh4+ 42. Kxe2 {[%mdl 4096] Endspiel KTL-KTS} Re7+ 43. Kd3 Kf7 44. Kc4 Bg3 45. Kd5 $1 g5 46. Rd8 Re5+ 47. Kc6 Rb5 48. Nd7 {Schwarz muss nun Tb8 beachten.} Rxb4 {...Tb5 ist eine echte Drohung.} 49. Ra8 Rc4+ (49... Rb2 $1 $15) 50. Kb7 d5 {Und weiter mit ...Tc7+ wäre nett.} 51. Nb6 Rc5 52. Rxa6 {[#]} (52. Kxa6 $15 Be1 53. Kb7 Rxa5 54. Rxa5 Bxa5 55. Nxd5) 52... Be1 (52... d4 $1 $17 53. Na4 Rc7+ 54. Kb6 d3) 53. Nd7 Rxa5 54. Rxh6 d4 {Droht ...d3 und aus.} 55. Rh1 Bf2 (55... Bc3 $5 {[%cal Rd4d3]} 56. Rd1 Ke7 $17) 56. Kc6 {Die Stellung ist ausgeglichen.} Ke6 57. Rh6+ Ke7 58. Rh7+ Ke6 59. Nc5+ Kf5 60. Rf7+ Kg6 61. Rd7 Be3 62. Nd3 Ra3 63. Nc5 Ra2 64. g4 Ra3 65. Rd6+ Kf7 66. Rd7+ Kg6 67. Rd6+ Kf7 68. Rd7+ Kf6 69. Rd5 Kg6 70. Rd6+ {Precision: Weiß = 46%, Schwarz = 47%.} 1/2-1/2

[Event "1st Gujarat GM Open 2018"]
[Site "Ahmedabad"]
[Date "2018.10.10"]
[Round "8"]
[White "Ahmed, Sk. Nasir"]
[Black "Jayachandra Srinivas Vellanki"]
[Result "0-1"]
[WhiteElo "2234"]
[BlackElo "2011"]
[Annotator "TA"]
[PlyCount "80"]
[EventDate "2018.10.05"]
[EventType "swiss"]
[EventCountry "IND"]
[SourceTitle "playchess.com"]
[Source "ChessBase"]
[SourceQuality "1"]

{[%evp 13,80,14,20,14,22,11,17,9,24,-35,-34,-75,0,0,53,0,0,-47,0,0,0,6,87,-60,-57,-57,-57,-83,-56,-187,-181,-187,-177,-531,-528,-627,-573,-1027,-1027,-1003,-965,-1459,-1062,-29977,-29978,-29978,-6507,-29979,-29980,-29968,-9399,-29981,-29982,-29982,-29983,-29989,-29990,-29990,-29989,-29989,-29990,-29992,-29989,-29989,-29989,-29989,-29990,-29990,-29988]} 1. c4 f5 2. g3 Nf6 3. Bg2 d6 4. Nh3 e5 5. d4 Be7 6. Nc3 O-O 7. O-O c6 8. b3 {A21: English Opening: 1...e5 2 Nc3} Qe8 9. Ba3 Na6 10. Rc1 $146 {The position is equal.} ({Predecessor:} 10. Qd2 Bd7 11. Rad1 Rd8 12. Qc1 Bc8 13. c5 exd4 14. cxd6 Bxd6 15. Rxd4 Bxa3 16. Rxd8 Bxc1 17. Rxe8 Rxe8 18. Rxc1 {1-0 (68) Romanov,E (2626)-Petr,M (2489) Germany 2018}) 10... f4 11. Ng5 (11. c5 $11 fxg3 12. cxd6 gxh2+ 13. Kh1) 11... Ng4 $15 12. Nge4 {[#]} fxg3 (12... Qh5 $1 $17 {[%csl Gg4][%cal Rh5h2]} 13. h3 Nf6) 13. Nxg3 $11 Nc7 (13... d5 $11 14. Bxe7 Qxe7) 14. h3 ({White should play} 14. d5 $14) 14... Nh6 15. Nce4 Nf5 16. dxe5 dxe5 {[%cal Bd6e5,Be5e4][%mdl 32]} 17. Bb2 Bf6 (17... Ne6 $11 {remains equal.}) 18. Nd6 (18. Qd3 $16) 18... Nxd6 $1 $15 19. Qxd6 Ne6 {[%cal Bc7e6,Be6g5,Bg5f3][%mdl 32]} 20. e3 $1 Ng5 21. Kh2 ({White should try} 21. Ba3 $1 $15 Rf7 22. h4 Nh3+ 23. Kh2) 21... e4 $19 22. Bd4 {[#]} Qg6 $1 23. Ne2 $2 (23. Rh1 {is more resistant.}) 23... Bxd4 24. Qxd4 {[#]} Bxh3 $1 {[%mdl 512]} 25. Bxh3 Nf3+ 26. Kh1 Nxd4 27. Nxd4 c5 28. Ne6 Rf3 {[%cal Rf3h3]} 29. Nf4 Qh6 30. Kg2 Qg5+ 31. Kh2 Qh4 32. Kg2 Rf8 {Black mates.} 33. Be6+ Kh8 34. Rc2 Qg5+ 35. Kh2 Qh6+ 36. Kg2 R8xf4 37. exf4 Qxe6 38. Rd1 Qh3+ 39. Kg1 h6 40. Re2 Rxf4 {Precision: White = 14%, Black = 69%.} 0-1

[Event "1st Gujarat GM Open 2018"]
[Site "Ahmedabad"]
[Date "2018.10.10"]
[Round "8"]
[White "Mehdi Hasan Parag"]
[Black "Bakunts, Rafael"]
[Result "0-1"]
[WhiteElo "2209"]
[BlackElo "2427"]
[Annotator "TA"]
[PlyCount "84"]
[EventDate "2018.10.05"]
[EventType "swiss"]
[EventCountry "IND"]
[SourceTitle "playchess.com"]
[Source "ChessBase"]
[SourceQuality "1"]

{[%evp 18,84,33,26,32,0,0,0,0,-20,0,6,14,10,28,14,31,27,16,33,38,19,44,9,10,8,8,10,5,4,8,8,6,7,7,4,10,0,0,0,15,0,0,0,0,0,0,0,0,0,0,0,0,-126,-127,-248,-241,-237,-210,-148,-185,-781,-773,-12836,-12831,-12830,-12831,-12831,-5297]} 1. e4 e5 2. Nf3 Nc6 3. Bc4 Bc5 4. O-O Nf6 5. d3 O-O 6. a4 {C50: Hungarian Defence and Giuoco Pianissimo} (6. c3 d5 7. exd5 Nxd5 8. Re1 Bg4 9. Nbd2 Nb6 10. Bb5 Bd6 11. h3 Bh5 12. Ne4 Re8 13. Bg5 f6 14. Be3 a6 15. Bxc6 bxc6 16. Ng3 Bf7 17. c4 Bb4 18. Re2 Bf8 19. b3 c5 {0-1 (89) Nakamura,H (2777)-Grischuk,A (2766) Saint Louis 2018}) 6... a6 7. Re1 h6 8. h3 d6 9. c3 Re8 10. Nbd2 {LiveBook: 36 Games} Be6 11. a5 d5 12. exd5 $146 ({Predecessor:} 12. Bb3 Ba7 13. Ra4 Qd7 14. exd5 Bxd5 15. Ne4 Nxe4 16. dxe4 {½-½ (49) Yudin,S (2522)-Rodin,D (2391) Voronezh 2017}) 12... Bxd5 13. Qb3 Bxc4 14. Qxc4 Ba7 15. Ne4 Re6 16. Be3 Bxe3 17. Nxf6+ Qxf6 18. Rxe3 Re7 19. Rae1 Nxa5 20. Qd5 Nc6 21. Nxe5 Nxe5 22. Rxe5 c6 23. Qd4 Rxe5 $1 24. Rxe5 $11 {[%mdl 4096] Endgame KQR-KQR} Rd8 25. Qe4 Kf8 26. d4 Qd6 27. Qh7 {[%cal Rh7h8]} f6 28. Re3 {And now Rg3 would win.} Qd5 29. h4 a5 30. h5 a4 31. Qh8+ Kf7 32. Qh7 Kf8 33. Qg6 b5 {[%cal Bb7b5,Bb5b4,Bb4a3,Ba3a2][%mdl 32]} 34. g4 b4 35. Qb1 (35. cxb4 $11 {keeps the balance.} Qxd4 36. Kg2) 35... c5 $17 36. dxc5 {[#]} (36. cxb4 $17 {was necessary.} cxd4 37. Rd3) 36... a3 $1 $19 37. bxa3 bxa3 38. Re1 a2 $36 {[%mdl 2048] Black is in control.} 39. Qh7 $2 {[#]} (39. Qb4 Kg8 40. Qa4) 39... Qd1 $1 {[%mdl 512] Black is clearly winning.} 40. Qh8+ (40. Rxd1 Rxd1+) 40... Kf7 41. Qe8+ Rxe8 42. Rxd1 Rb8 {Precision: White = 34%, Black = 81%.} 0-1

[Event "1st Gujarat GM Open 2018"]
[Site "Ahmedabad"]
[Date "2018.10.10"]
[Round "8"]
[White "Jeet, Jain"]
[Black "Sardana, Rishi"]
[Result "1/2-1/2"]
[WhiteElo "2185"]
[BlackElo "2418"]
[Annotator "TA"]
[PlyCount "159"]
[EventDate "2018.10.05"]
[EventType "swiss"]
[EventCountry "IND"]
[SourceTitle "playchess.com"]
[Source "ChessBase"]
[SourceQuality "1"]

{[%evp 17,159,9,24,0,11,2,12,0,0,-35,-32,-24,-29,-46,-48,-68,-68,-83,-69,-68,-66,-72,-84,-115,-101,-116,-102,-88,-102,-106,-90,-113,-101,-93,-93,-150,-146,-145,-133,-164,-150,-163,-162,-166,-160,-147,-119,-116,-110,-112,-116,-111,-93,-102,-99,-104,-78,-74,-76,-81,-81,-88,-88,-88,-88,-88,-55,-73,-56,-81,-81,-88,-81,-103,-103,-103,-81,-81,-81,-103,-81,-104,-103,-103,-39,-81,-81,-104,0,0,0,0,0,0,0,0,0,0,0,0,0,0,0,0,0,0,0,0,0,0,0,0,0,0,0,0,0,0,0,0,0,0,0,0,0,-8,-8,-8,-8,-8,0,0,0,-199,-202,-202,-202,-202,-202,-202,-202,-202,-202,-202]} 1. e4 e5 2. Nf3 Nc6 3. Bc4 Bc5 4. c3 Nf6 5. d3 a6 6. b4 Ba7 7. O-O d6 8. a4 h6 {C54: Giuoco Piano: 4 c3 Nf6, main lines with 5 d4 and 5 d3} (8... Ne7 9. Be3 Bxe3 10. fxe3 a5 11. Nbd2 O-O 12. Bb3 Ng6 13. Qc2 c6 14. d4 Qc7 15. Kh1 b6 16. h3 {0-1 (38) Najer,E (2679)-Inarkiev,E (2709) Doha 2016}) 9. Be3 O-O {LiveBook: 3 Games} 10. h3 Ne7 {The position is equal.} 11. a5 $146 ({Predecessor:} 11. Re1 Ng6 12. Nbd2 Bxe3 13. fxe3 c6 14. Nf1 Be6 15. Bxe6 fxe6 {0-1 (80) Gulie,C (2057)-Costachi,M (2460) Calimanesti Caciulata 2017}) 11... Ng6 12. Re1 Bxe3 13. fxe3 c6 14. Bb3 d5 15. Qc2 Be6 16. c4 dxe4 17. dxe4 c5 18. bxc5 Rc8 19. Nc3 Rxc5 20. Red1 Qc7 21. Nd5 Bxd5 $1 22. exd5 e4 23. Nd2 Qe5 $1 {[%cal Rf6d5]} 24. Qa2 Qg5 25. Nf1 Ne5 26. Qe2 {[#]} ({White should try} 26. Rd4) 26... Ne8 $1 $17 27. d6 Nf6 28. Ra4 Nc6 29. Bc2 Rd8 ({Don't take} 29... Rxa5 30. Rxa5 Nxa5 31. Nd2 $17) 30. Nd2 Rxd6 31. Rb1 Rxa5 32. Rxa5 Nxa5 33. Nxe4 Nxe4 34. Bxe4 Qc5 35. Bxb7 {next Bd5 is good for White.} Nxc4 36. Rc1 Qxe3+ 37. Qxe3 Nxe3 {[%mdl 4096] Endgame KRB-KRN} 38. Ra1 Rb6 39. Bxa6 Rb2 40. Bf1 g5 41. Re1 Nf5 42. Bc4 Rd2 43. Rf1 Nd6 44. Bb3 Kg7 45. Rd1 Rxd1+ 46. Bxd1 {KB-KN} Kf6 47. Kf2 Ke5 48. Kf3 Nf5 49. Ba4 Nh4+ 50. Kf2 f6 ({Better is} 50... f5 $17 51. Be8 f4) 51. Be8 Nf5 52. Bd7 Kf4 (52... Ng7 $17 53. g3 f5) 53. Bxf5 $1 $11 Kxf5 {K3P-KPP} 54. Kf3 Kg6 (54... Ke5 {seems wilder.} 55. Kg4 f5+ 56. Kh5 f4 57. Kxh6 Kf6) 55. g4 Kf7 56. Ke3 Ke7 57. Kd3 Kd7 58. Ke3 $1 Ke8 (58... Kc6 $5 59. Ke4 $8 Kd7 $11) 59. Ke4 Ke7 {Threatens to win with ...Ke6.} 60. Ke3 Kf7 {Hoping for ...Kg6.} 61. Kf3 Kg6 62. Ke4 Kg7 63. Kf3 {[#]} h5 $1 {[%mdl 512]} 64. Ke4 (64. gxh5 f5) 64... h4 65. Kf3 Kf7 66. Ke3 Ke7 67. Kd3 Kd7 {...f5! is the strong threat.} 68. Ke3 Ke7 69. Kd3 Kf8 (69... f5 $5 70. gxf5 {[#]} g4 $1 $19 {[%mdl 512]}) 70. Ke4 Ke8 71. Kd3 {[#]} f5 $1 {[%mdl 512]} 72. gxf5 {[#] KPP-KPP} g4 $1 {[%mdl 512]} 73. Ke3 ({Not} 73. hxg4 $2 h3 $19) 73... g3 {And now ...Kf7 would win.} 74. Kf3 Kf7 {Strongly threatening ...Kf6.} 75. Kg2 $2 (75. Ke3 $1 $11 {and White is okay.} Kf6 76. Ke2) 75... Kf6 $19 {Black is clearly better.} 76. Kg1 Kxf5 77. Kh1 Ke4 78. Kg2 Ke3 79. Kh1 Kf3 80. Kg1 {Precision: White = 68%, Black = 70%.} 1/2-1/2

[Event "1st Gujarat GM Open 2018"]
[Site "Ahmedabad"]
[Date "2018.10.10"]
[Round "8"]
[White "Dahale, Atul"]
[Black "Gaikwad, Siddhant"]
[Result "1/2-1/2"]
[WhiteElo "2171"]
[BlackElo "1996"]
[Annotator "TA"]
[PlyCount "160"]
[EventDate "2018.10.05"]
[EventType "swiss"]
[EventCountry "IND"]
[SourceTitle "playchess.com"]
[Source "ChessBase"]
[SourceQuality "1"]

{[%evp 13,160,-14,6,5,32,23,63,22,27,27,28,29,29,21,42,-20,78,66,43,56,10,43,100,107,102,68,122,65,66,106,107,107,81,74,93,0,36,25,39,20,29,37,570,0,7,0,693,681,803,764,896,837,1503,120,138,112,29987,29988,29992,420,408,329,312,294,297,280,272,277,264,165,165,165,166,142,142,135,135,0,135,135,135,135,135,135,135,135,135,135,136,135,135,135,135,135,135,135,135,94,94,94,94,94,94,94,94,94,94,0,94,0,94,78,78,78,78,78,78,78,78,78,78,78,78,78,78,78,78,78,78,78,78,78,78,78,78,78,78,78,78,78,78,0,78,0,78,78,78,0,78]} 1. e4 c5 2. b3 g6 3. Bb2 Nf6 4. g3 Bg7 5. Bg2 d6 6. Ne2 {A01: Nimzowitsch-Larsen Opening} Nc6 7. O-O Bd7 {LiveBook: 5 Games} 8. c3 $146 ({Predecessor:} 8. d4 cxd4 9. Nxd4 O-O 10. c4 {½-½ (10) Starostits,I (2480)-Lanka,Z (2490) Germany 2009}) 8... Qc8 9. d4 Bh3 10. Nd2 h5 11. Bxh3 Qxh3 12. Nf4 Qd7 13. Qe2 O-O-O 14. dxc5 (14. Rad1 $14) 14... e5 (14... g5 $11 {keeps the balance.} 15. Nd5 dxc5) 15. Nd5 $16 dxc5 16. Rad1 $36 {[%mdl 2048] White has the initiative.} Nxd5 17. exd5 Ne7 ({Black should play} 17... Qxd5 $14 18. Ne4 Qe6) 18. Ne4 $1 b6 19. b4 cxb4 $1 20. d6 ({But not} 20. cxb4 $6 Kb8 $11) (20. c4 $1 $16) 20... Nc6 21. cxb4 {Hoping for b5.} Kb8 22. Rc1 {aiming for b5.} Rc8 23. a4 f5 24. Nd2 (24. Ng5 $16) 24... Qxd6 25. Nc4 Nd4 26. Bxd4 $1 Qxd4 27. Rfd1 Qg4 $2 {[%mdl 8192]} ({Better is} 27... Qe4 $1 $14 28. Qxe4 fxe4) 28. f3 $2 (28. Qd3 $18) 28... Qg5 $11 29. a5 Qf6 $2 {[%mdl 8192]} (29... Rhd8 $11) 30. axb6 $1 $18 axb6 31. Qa2 Rhd8 32. Qa6 Rc6 {[#]} 33. Ra1 $2 (33. Nxe5 $1 $18 {[%mdl 512] and the rest is easy.} Rc7 (33... Qxe5 34. Rxd8+) 34. Ra1 Rxd1+ 35. Rxd1) 33... Rxd1+ $16 34. Rxd1 e4 $2 {[%mdl 8192] [#]} (34... Qe6 $16 35. Ra1 Rxc4 36. Qa7+ Kc8 37. Qxg7 Rc7 38. Qf8+ Kd7) 35. Ne5 $1 {[%mdl 512]} Rd6 (35... Qxe5 36. Rd8+) 36. Nd7+ (36. Ra1 $142 Rd1+ 37. Rxd1 Qe6 {[#]} 38. Nc6+ $1 {[%mdl 512]} Kc7 39. Nd8 Qd6 40. Qb7+ Kxd8 41. Rxd6+ Ke8 42. Qc8+ Kf7 43. Qe6+ Kf8 44. Rd8#) 36... Kc7 37. Nxf6 {Rc1+ would kill now.} ({Not} 37. Qa7+ Kd8 $18) 37... Rxd1+ 38. Kf2 Bxf6 $18 {[%mdl 4096] Endgame KQ-KRB} 39. Qa7+ Kc8 40. fxe4 fxe4 41. Qa8+ Kc7 42. Qxe4 Rd6 43. Qc4+ Kd7 44. Qf7+ Be7 45. Qc4 (45. Kg2 $16) 45... Rf6+ (45... Bf6 $1 $11 {remains equal.}) 46. Ke2 Re6+ 47. Kf3 Rf6+ 48. Kg2 Rd6 49. b5 Rf6 50. Qd5+ Rd6 51. Qb7+ Ke8 52. Kf3 Re6 53. Qa8+ Kf7 54. Qd5 Bc5 55. g4 hxg4+ 56. Kxg4 Be7 57. h4 Kf6 58. Qd4+ Kf7 59. Qc4 {Threatens to win with h5.} Kf6 60. Qd4+ Kf7 61. Qd5 Kf6 62. h5 gxh5+ 63. Qxh5 {Threatening mate with Qf5+.} Bc5 64. Qg5+ Kf7 {White must now prevent ...Rg6.} 65. Kf5 (65. Qd5 {seems wilder.} Kf6 66. Qf5+ Ke7 67. Qd3 Kf7 68. Kf5) 65... Re7 66. Qh5+ Kf8 67. Qh8+ Kf7 68. Qh4 Ke8 69. Kf6 Kd7 70. Qg4+ Kc7 71. Qf4+ Bd6 72. Qc4+ Bc5 73. Qd5 Rd7 74. Qc6+ Kd8 {And now ...Rd6+ would win.} 75. Qa8+ Kc7 76. Qa7+ (76. Qe4 {feels hotter.} Kb8 77. Kf5 Rd8 78. Qc6 Rf8+ 79. Ke4) 76... Kc8 77. Qa8+ Kc7 78. Qa7+ Kc8 $1 79. Qa6+ Kc7 80. Qa7+ Kc8 $1 {Precision: White = 53%, Black = 53%.} 1/2-1/2

[Event "1st Gujarat GM Open 2018"]
[Site "Ahmedabad"]
[Date "2018.10.10"]
[Round "8"]
[White "Arpan, Das"]
[Black "Arpita, Mukherjee"]
[Result "1-0"]
[WhiteElo "2164"]
[BlackElo "2147"]
[Annotator "TA"]
[PlyCount "129"]
[EventDate "2018.10.05"]
[EventType "swiss"]
[EventCountry "IND"]
[SourceTitle "playchess.com"]
[Source "ChessBase"]
[SourceQuality "1"]

{[%evp 12,129,32,16,39,24,35,20,47,34,33,9,15,-22,13,-8,37,37,37,29,37,0,0,2,1,-32,32,-1,48,38,57,55,56,62,59,61,83,64,152,106,133,97,148,-131,-133,-185,-65,-78,0,0,0,0,0,-15,168,169,178,172,145,45,54,89,65,85,489,279,285,282,400,414,413,58,383,364,460,440,1435,1440,1645,1517,1234,1005,995,1002,1002,974,944,937,770,758,992,992,939,941,1026,770,1858,1810,29968,29969,29967,29972,29971,29970,29985,29986,29986,29987,29987,29982,29982,29982,29977,29983,29986,29987,29986,29988,29988,29989]} 1. e4 c5 2. Nf3 d6 3. d4 cxd4 4. Nxd4 Nf6 5. Nc3 a6 6. h3 e5 7. Nde2 h5 {B90: Sicilian Najdorf: Unusual White 6th moves, 6 Be3 Ng4 and 6 Be3 e5} (7... b5 8. Ng3 Nbd7 9. Bg5 h6 10. Be3 Bb7 11. Bd3 h5 12. Bg5 g6 13. O-O Be7 14. a3 h4 15. Nge2 Nc5 16. Bxf6 Bxf6 {1-0 (48) Dominguez Perez,L (2739)-Vachier Lagrave,M (2779) chess.com INT 2018}) 8. g3 Be6 9. Bg2 Be7 {The position is equal.} 10. a4 Nbd7 11. Bg5 O-O 12. Qd2 Rc8 (12... b5 $5) 13. b3 b6 $146 ({Predecessor:} 13... Qc7 14. f4 d5 15. exd5 {1-0 (34) Adhiban,B (2665)-Gundavaa,B (2499) Tashkent 2016}) 14. O-O Qc7 15. Rac1 Nc5 16. f4 b5 17. axb5 axb5 18. f5 {aiming for Bxf6.} Bd7 ({Black should play} 18... b4 $15 19. fxe6 Nxe6) 19. b4 {Strongly threatening Bxf6.} Na6 20. Bxf6 $1 Qb6+ 21. Rf2 Bxf6 22. Nd5 Qd8 $1 {With the idea ...Bg5.} 23. Nxf6+ Qxf6 24. g4 Rc6 (24... hxg4 $14 25. hxg4 Bc6) 25. g5 $16 ({Don't take} 25. gxh5 $6 Qh4 $14) 25... Qd8 26. Rcf1 Nc7 (26... Rc4 $142) 27. Qd3 $2 {[%mdl 8192]} (27. h4 $16) 27... Qxg5 $17 28. Kh1 (28. Kh2 $17 {keeps fighting.}) 28... h4 (28... Ra8 $19 {Threatens to win with ...Ra2.} 29. Ng1 Ra2) 29. Rg1 $15 Qf6 (29... Ra8 $17) 30. Bf1 $11 Rc8 {Black wants to play ...Ne8.} 31. Nc3 $1 Kf8 32. Rfg2 $1 Ne8 $2 (32... Ke7 $11) 33. Nd5 $1 $18 {[%cal Rd5f6]} (33. Nxb5 Rc4 $17) 33... Qh6 34. Qxb5 Nc7 35. Qd3 (35. Rxg7 $16 Qxg7 36. Rxg7 Nxb5 37. f6) 35... Nxd5 $14 36. Qxd5 Rxc2 37. Rxg7 $40 {[%csl Gg7][%cal Rd5f7][%mdl 128] White has strong attack.} Qf6 $2 {[%mdl 8192] [#]} (37... Be8 $16 {is more resistant.}) 38. b5 (38. R1g6 $142 $1 {[%mdl 512]} Bc6 (38... fxg6 39. Qg8#) 39. Rxf7+ $3 {[%mdl 512]} (39. Rxf6 Bxd5 40. Rg4 Ke7 $17) (39. Rg8+ $2 Ke7 $19) 39... Qxf7 40. Qxd6+ Qe7 41. Rf6+ Ke8 42. Re6) 38... R2c5 39. Qb7 $1 {[%cal Rb7d7]} R5c7 {[#]} (39... Qxg7 $142 40. Rxg7 R8c7 41. Qa8+ Rc8 42. Rxf7+ Kxf7 43. Qa2+ Ke7) 40. Qa6 $1 $18 Rc1 41. Rg8+ Ke7 {[#] Hoping for ...Rxg8.} 42. Rxc8 $1 Bxc8 43. Qa7+ Bd7 (43... Kf8 $142 44. b6 Qd8) 44. b6 Qh6 45. b7 Qf4 46. b8=Q {White threatens Qxd7+! and mate.} Rxf1 47. Qg8 Qxe4+ 48. Qg2 Rxg1+ 49. Qaxg1 Bxf5 50. Qa7+ Kf6 51. Qxe4 Bxe4+ 52. Kg1 Bf5 53. Qf2 e4 54. Qxh4+ Ke5 55. Qe7+ {White mates.} Be6 56. Kf2 d5 57. h4 {[%cal Bh3h4,Bh4h5][%mdl 32]} d4 58. Qc5+ Bd5 59. h5 e3+ 60. Ke2 Ke4 61. Qe7+ Be6 62. Qh4+ Kd5 63. h6 Bf5 64. h7 Bxh7 65. Qxh7 {Precision: White = 61%, Black = 43%.} 1-0